00527nam a2200193Ia 4500008004100000041001200041082001100053100003200064245004500096260003300141300000800174365000700182520001400189546001200203630004500215650001400260655001400274730004500288101110s9999 xx 000 0 und d aENGLISH bJR4988 aPandey P.N., Fernandes M.R. aPrinciples of physical geography XI arts c2006bNirali Prakashan, Pune a246 b75 aGeography aENGLISH aPrinciples of physical geography XI arts aGeography aGeography aPrinciples of physical geography XI arts